| 000 | 00434cam a2200181ua 4500 | ||
|---|---|---|---|
| 001 | 2770 | ||
| 008 | 110907n ii |||gr||||Z||||||asm | ||
| 040 | _cMAIN | ||
| 082 | _a891.4512 | ||
| 100 | 1 | _aBharali, Sailen, | |
| 245 | 1 | 1 |
_aTragedy bichar _cby Sailen Bharali |
| 250 | _a2nd. | ||
| 260 |
_aGuahati: _bbani prakash,976. _aKolkata: |
||
| 300 |
_a87p: _c23cm. |
||
| 653 | _aAssamese drama | ||
| 653 | _aTragedy bichar | ||
| 942 | _cBK | ||
| 999 |
_c2619 _d2619 |
||